Pays avec un ou plusieurs animaux sur leur drapeau - Statistiques

Statistiques générales
  • Ce quiz a été pris 96 fois
  • Le résultat moyen est 9 sur 23
Statistiques - réponses
Animal/aux Pays % Correct
Aigle à 2 têtes Albanie
83%
Un aigle et un serpent Mexique
75%
Dragon Bhoutan
74%
Lion Espagne
52%
Condor Équateur
48%
Lion Sri Lanka
42%
Quetzal Guatemala
38%
2 vaches Andorre
35%
Amazone impériale Dominique
35%
Aigle Égypte
35%
Grue Ouganda
35%
Oiseau du paradis Papouasie-Nouvelle-Guinée
35%
Aigle à 2 têtes Serbie
35%
Frégate Kiribati
33%
Un aigle et un bœuf Moldavie
33%
Pygargue vocifier Zambie
31%
Oiseau Zimbabwe
28%
Aigle Kazakhstan
25%
Un aigle à 2 têtes et un lion Monténégro
23%
Lion Paraguay
23%
Un lion et une colombe Fidji
19%
3 lions, une chèvre et une martre Croatie
11%
Un cheval et un dragon Malte
10%
Aucun quiz correspondant
Distribution des résultats
% des personnes avec chaque résultat
Percentile par nombre de réponses
Votre historique - résultats
Vous n’avez pas pris ce quiz